[Event "Bergens SK Vårturnering 2023"]
[Site "Bergens Schakklub"]
[Date "2023.03.14"]
[Round "9"]
[White "Selbekk, Vebjørn"]
[Black "Engelsen, Teodor Tenfjord"]
[Result "1/2-1/2"]
[WhiteElo "1865"]
[BlackElo "1780"]
[PlyCount "52"]
[EventDate "2023.??.??"]

1. Nf3 c5 2. e4 Nc6 3. g3 g6 4. Bg2 Bg7 5. O-O e5 6. d3 Nge7 7. Be3 d6 8. a4
O-O 9. c3 h6 10. Qd2 Kh7 11. Na3 f5 12. Ne1 Be6 13. f4 Qd7 14. fxe5 Nxe5 15. d4
Ng4 16. dxc5 Nxe3 17. Qxe3 dxc5 18. Qxc5 fxe4 19. Rxf8 Rxf8 20. Bxe4 b6 21. Qe3
Nf5 22. Qe2 Qxa4 23. Nac2 Qd7 24. Nf3 a5 25. Rd1 Qc7 26. Nfd4 Nxd4 
1/2-1/2

[Event "Bergens SK Vårturnering 2023"]
[Site "Bergens Schakklub"]
[Date "2023.03.14"]
[Round "9"]
[White "Helgøy, Håkon Hembre"]
[Black "Christoffersen, Odd"]
[Result "1-0"]
[WhiteElo "1664"]
[BlackElo "1510"]
[PlyCount "107"]
[EventDate "2023.??.??"]

1. e4 c6 2. d4 d5 3. exd5 cxd5 4. Bd3 Nc6 5. c3 Nf6 6. Bf4 e6 7. Nd2 Bd6 8. Bg3
Bxg3 9. hxg3 Qe7 10. Ngf3 e5 11. dxe5 Nxe5 12. Nxe5 Qxe5+ 13. Qe2 Qxe2+ 14.
Bxe2 O-O 15. O-O Bd7 16. Rfd1 Rac8 17. Nb3 Ba4 18. Rd4 Bc6 19. Rad1 Rfe8 20.
Bf3 Re5 21. Nc1 g5 22. Nd3 Re7 23. Nb4 Rce8 24. Nxd5 Bxd5 25. Bxd5 Re2 26. R1d2
Re1+ 27. Kh2 h5 28. f3 Rb1 29. Bb3 Ree1 30. Rd1 Rexd1 31. Rxd1 Rxb2 32. Rd8+
Kg7 33. Rb8 Rd2 34. Rxb7 Rd7 35. Rb5 g4 36. Kg1 Rc7 37. c4 Kg6 38. Kf2 Kg7 39.
Ra5 Kg6 40. Ke3 Kg7 41. Re5 Kg6 42. Kd2 Kh6 43. Kc3 Nh7 44. Bc2 Ng5 45. f4 Ne6
46. f5 Nd8 47. Be4 f6 48. Rb5 Kg5 49. Rb8 Nf7 50. Rg8+ Kh6 51. Rg6+ Kh7 52.
Rxf6 Ng5 53. Bd3 Kg7 54. Rg6+ 
1-0

[Event "Bergens SK Vårturnering 2023"]
[Site "Bergens Schakklub"]
[Date "2023.03.14"]
[Round "9"]
[White "Myny, Sigur H"]
[Black "Fossheim, Yngve Götestam"]
[Result "1/2-1/2"]
[WhiteElo "1603"]
[BlackElo "2038"]
[PlyCount "98"]
[EventDate "2023.??.??"]

1. c4 e5 2. Nc3 Nf6 3. g3 c6 4. d4 exd4 5. Qxd4 Na6 6. Bg5 Bc5 7. Qe5+ Qe7 8.
Bxf6 gxf6 9. Qxe7+ Kxe7 10. Bg2 d6 11. Nf3 Be6 12. Nd2 f5 13. e3 Bb4 14. Rc1
Nc5 15. Ke2 Nd7 16. a3 Ba5 17. b4 Bb6 18. Na4 Bd8 19. Rhd1 Nb6 20. Nb2 Kd7 21.
c5 Nd5 22. e4 fxe4 23. Nxe4 Be7 24. cxd6 Bxd6 25. Nxd6 Kxd6 26. Nc4+ Ke7 27.
Ne3 Nxe3 28. Kxe3 Rhd8 29. Rxd8 Kxd8 30. Bf1 Kc7 31. Bc4 a5 32. Bxe6 Re8 33.
Kd4 Rxe6 34. Rc2 axb4 35. axb4 b6 36. f4 f5 37. h3 Re4+ 38. Kc3 Re3+ 39. Kd4
Rxg3 40. Ke5 Rxh3 41. Kxf5 Rh6 42. Ke5 Rh4 43. b5 c5 44. Rg2 Rh1 45. Rg7+ Kd8
46. Rb7 Re1+ 47. Kd6 Rd1+ 48. Kc6 Rf1 49. Rxh7 Rxf4 
1/2-1/2

[Event "Bergens SK VÃ¥rturnering 2023"]
[Site "Bergens Schakklub"]
[Date "2023.03.21"]
[Round "10"]
[White "Fossheim, Yngve GÃ¶testam"]
[Black "Manne, Per Erik"]
[Result "0-1"]
[WhiteElo "2038"]
[BlackElo "2186"]
[PlyCount "86"]
[EventDate "2023.??.??"]

1. d4 Nf6 2. c4 e6 3. Nf3 d5 4. g3 c5 5. cxd5 exd5 6. Bg2 Nc6 7. O-O Be7 8.
dxc5 Bxc5 9. Nbd2 O-O 10. Nb3 Be7 11. Nbd4 Re8 12. b3 Ne4 13. Bb2 Bf6 14. Rc1
Qb6 15. Nxc6 Bxb2 16. Rc2 Bf6 17. Ncd4 Bd7 18. Qd3 a5 19. e3 a4 20. Rfc1 Ra5
21. b4 Qxb4 22. Rc7 Qd6 23. Rxb7 Nc5 24. Rxc5 Rxc5 25. h4 h6 26. Qa3 Rec8 27.
Kh2 Be8 28. Bh3 Rd8 29. Nf5 Qc6 30. N3d4 Qxb7 31. Qxc5 Qb2 32. Ne7+ Bxe7 33.
Qxe7 Qxf2+ 34. Bg2 Rb8 35. Kh3 Qf6 36. Qa7 Rd8 37. Qc7 g5 38. g4 h5 39. hxg5
Qxg5 40. Bf3 Bd7 41. Kg3 Bxg4 42. Bg2 Re8 43. Kh2 Qe5+ 0-1

[Event "Bergens SK VÃ¥rturnering 2023"]
[Site "Bergens Schakklub"]
[Date "2023.03.21"]
[Round "10"]
[White "Seymour, Max Bakke"]
[Black "Flaten, Siver"]
[Result "0-1"]
[WhiteElo "1654"]
[BlackElo "1345"]
[PlyCount "105"]
[EventDate "2023.??.??"]

1. c4 e5 2. Nc3 Bb4 3. Nd5 Ba5 4. a3 d6 5. b4 c6 6. Nc3 Bb6 7. e3 f6 8. d4 Ne7
9. Nf3 O-O 10. Be2 Be6 11. d5 Bf7 12. e4 h6 13. g4 g5 14. h4 Kg7 15. Qd3 a5 16.
b5 cxb5 17. hxg5 fxg5 18. Bxg5 hxg5 19. Nxg5 Nxd5 20. Nxd5 Bxf2+ 21. Kxf2 Bxd5+
22. Kg2 Bxc4 23. Qe3 Qf6 24. Rh7+ Kg6 25. Rah1 Qf4 26. R7h6+ Kg7 27. Qxf4 Rxf4
28. Bxc4 Rxg4+ 29. Kf3 Rxg5 30. Rh7+ Kf6 31. R1h6+ Rg6 32. Rf7+ Kg5 33. Rxg6+
Kxg6 34. Bd5 Ra7 35. Re7 b4 36. axb4 axb4 37. Kg4 Nc6 38. Bxc6 b3 39. Be8+ Kf6
40. Rf7+ Ke6 41. Rh7 b2 42. Kg5 d5 43. exd5+ Kxd5 44. Bg6 e4 45. Rd7+ Ke5 46.
Re7+ Kd6 47. Rxe4 b1=Q 48. Re6+ Kxe6 49. Bxb1 b5 50. Kf4 Kd5 51. Ke3 Kc4 52.
Kd2 Kb3 53. Kc1 0-1

[Event "Bergens SK VÃ¥rturnering 2023"]
[Site "Bergens Schakklub"]
[Date "2023.03.21"]
[Round "10"]
[White "Christoffersen, Odd"]
[Black "Larsen, Stig BÃ¸rje"]
[Result "1/2-1/2"]
[WhiteElo "1510"]
[BlackElo "1734"]
[PlyCount "55"]
[EventDate "2023.??.??"]

1. e4 c6 2. d4 d5 3. exd5 cxd5 4. Bd3 Nc6 5. c3 Qc7 6. Ne2 Nf6 7. Bf4 e5 8.
Bxe5 Nxe5 9. dxe5 Qxe5 10. O-O Bd6 11. g3 O-O 12. Nd4 Re8 13. Nd2 Bg4 14. Qb3
b6 15. a4 Nd7 16. Qa2 Bc5 17. N2b3 Bh3 18. Qb1 Bxf1 19. Qxf1 Bxd4 20. Nxd4 Rac8
21. Rd1 Nb8 22. Qg2 Nc6 23. Nxc6 Rxc6 24. Bb5 Qd6 25. Bxc6 Qxc6 26. h4 Rd8 27.
Rd4 h5 28. Qf3 1/2-1/2

[Event "Bergens SK VÃ¥rturnering 2023"]
[Site "Bergens Schakklub"]
[Date "2023.03.21"]
[Round "10"]
[White "Engelsen, Teodor Tenfjord"]
[Black "Myny, Sigur H"]
[Result "1-0"]
[WhiteElo "1780"]
[BlackElo "1603"]
[PlyCount "39"]
[EventDate "2023.??.??"]

1. c4 c5 2. Nc3 Nc6 3. Nf3 g6 4. e3 Bg7 5. d4 cxd4 6. exd4 d6 7. Be2 Nf6 8. O-O
d5 9. Bg5 Ne4 10. cxd5 Nxc3 11. bxc3 Qxd5 12. Rb1 Qxa2 13. d5 Ne5 14. Nxe5 Bxe5
15. Bb5+ Kf8 16. Re1 Bd6 17. Qd4 Kg8 18. Ra1 Qb2 19. Reb1 Qc2 20. Bd3 1-0

[Event "Bergens SK VÃ¥rturnering 2023"]
[Site "Bergens Schakklub"]
[Date "2023.03.21"]
[Round "10"]
[White "Bjarnason, Snorri Vikanes"]
[Black "HelgÃ¸y, HÃ¥kon Hembre"]
[Result "1-0"]
[WhiteElo "1676"]
[BlackElo "1664"]
[PlyCount "99"]
[EventDate "2023.??.??"]

1. c4 e5 2. Nf3 e4 3. Nd4 d5 4. cxd5 Qxd5 5. Nc2 Nf6 6. Nc3 Qe5 7. g3 g6 8. Bg2
Bg7 9. O-O O-O 10. d3 exd3 11. Qxd3 c6 12. Rd1 Na6 13. Bf4 Qh5 14. e4 Ng4 15.
h3 Ne5 16. Qf1 Nf3+ 17. Kh1 g5 18. Bd6 Re8 19. Ne1 g4 20. h4 Be6 21. Qe2 Nd4
22. Qe3 c5 23. Rac1 Rad8 24. Bf4 Nb4 25. e5 Nd5 26. Nxd5 Bxd5 27. Rxc5 Bxg2+
28. Kxg2 Nf3 29. Rcd5 Rxd5 30. Rxd5 Bxe5 31. Nd3 f6 32. Qxa7 Qg6 33. Qa4 Bxf4
34. Nxf4 Qe4 35. Qxe4 Rxe4 36. Rd1 Rb4 37. b3 Nxh4+ 38. gxh4 Rxf4 39. Rd8+ Kf7
40. Rd7+ Kg6 41. Rxb7 h5 42. a4 Rf3 43. a5 Rc3 44. a6 Rc6 45. a7 Ra6 46. b4 Kf5
47. b5 Ra2 48. b6 Kf4 49. Rg7 f5 50. b7 1-0

[Event "Bergens SK VÃ¥rturnering 2023"]
[Site "Bergens Schakklub"]
[Date "2023.02.21"]
[Round "10"]
[White "Wiger-NordÃ¥s, Felix"]
[Black "Selbekk, VebjÃ¸rn"]
[Result "0-1"]
[WhiteElo "1498"]
[BlackElo "1865"]
[PlyCount "54"]
[EventDate "2023.??.??"]

1. e4 d6 2. d4 Nf6 3. Bd3 g6 4. Nf3 Bg7 5. O-O O-O 6. c3 c5 7. Re1 Nfd7 8. d5
Na6 9. Bxa6 bxa6 10. Nbd2 Rb8 11. Nc4 Nb6 12. Na5 Bd7 13. a4 Re8 14. e5 Nxd5
15. Qxd5 Qxa5 16. exd6 exd6 17. Bf4 Be6 18. Qd2 Qb6 19. Qxd6 Qxb2 20. Qxc5 Rbc8
21. Qxa7 Bxc3 22. Be5 Bxe5 23. Nxe5 Bd5 24. Nd3 Qc3 25. Rad1 Qxd3 26. Qd7 Rxe1+
27. Rxe1 Qf5 0-1

[Event "Bergens SK VÃ¥rturnering 2023"]
[Site "Bergens Schakklub"]
[Date "2023.03.21"]
[Round "10"]
[White "HÃ¸yforsslett, Gard Rye"]
[Black "Hitland, Adrian"]
[Result "1-0"]
[WhiteElo "1798"]
[BlackElo "1529"]
[PlyCount "67"]
[EventDate "2023.??.??"]

1. e4 e6 2. d4 d5 3. e5 c5 4. c3 Nc6 5. Nf3 Bd7 6. Bd3 Qb6 7. O-O cxd4 8. Re1
Bc5 9. b4 Be7 10. b5 Na5 11. Nxd4 Bc5 12. Be3 Nc4 13. Bxc4 dxc4 14. Nd2 Bxd4
15. Bxd4 Qxb5 16. Ne4 Qd5 17. Nd6+ Ke7 18. Qh5 Nh6 19. Rad1 Qc6 20. Be3 Raf8
21. Bg5+ f6 22. exf6+ gxf6 23. Bxh6 Rfg8 24. Qf7+ Kd8 25. Qxf6+ Kc7 26. g3 e5
27. Qxe5 Kb6 28. Rb1+ Ka6 29. Nxb7 Qxb7 30. Rxb7 Kxb7 31. Qd5+ Bc6 32. Re7+ Kb6
33. Be3+ Ka6 34. Rxa7# 1-0

[Event "Bergens SK VÃ¥rturnering 2023"]
[Site "Bergens Schakklub"]
[Date "2023.03.28"]
[Round "11"]
[White "Manne, Per Erik"]
[Black "Selbekk, VebjÃ¸rn"]
[Result "1-0"]
[WhiteElo "2186"]
[BlackElo "1865"]
[PlyCount "91"]
[EventDate "2023.??.??"]

1. d4 d6 2. Nf3 Nf6 3. c4 g6 4. Nc3 Bg7 5. Bg5 h6 6. Bh4 Nbd7 7. e3 c6 8. Be2
O-O 9. O-O Re8 10. Qc2 Qc7 11. Rfd1 e5 12. dxe5 dxe5 13. Nd2 Nc5 14. b4 Ne6 15.
Bg3 a5 16. a3 axb4 17. axb4 Rxa1 18. Rxa1 Qe7 19. c5 Nd5 20. Nxd5 cxd5 21. Ra7
f5 22. f3 f4 23. Bf2 fxe3 24. Bxe3 Nf4 25. Bb5 Rd8 26. c6 Bf5 27. Qb3 Qg5 28.
g3 bxc6 29. Bxc6 Kh7 30. b5 Nh3+ 31. Kg2 Nf4+ 32. Kh1 Bh3 33. Bxd5 Rxd5 34.
Bxf4 exf4 35. Ne4 Qe5 36. Qxd5 Qb2 37. Rxg7+ Qxg7 38. Nf2 Qa1+ 39. Qd1 Qxd1+
40. Nxd1 fxg3 41. hxg3 Bd7 42. b6 Bc6 43. Kg2 Kg7 44. Ne3 Kf6 45. Nc4 g5 46.
Na5 1-0

[Event "Bergens SK VÃ¥rturnering 2023"]
[Site "Bergens Schakklub"]
[Date "2023.03.28"]
[Round "11"]
[White "Larsen, Stig BÃ¸rje"]
[Black "Seymour, Max Bakke"]
[Result "1/2-1/2"]
[WhiteElo "1734"]
[BlackElo "1654"]
[PlyCount "84"]
[EventDate "2023.??.??"]

1. d4 d5 2. Nc3 Nf6 3. Bf4 e6 4. e3 Bb4 5. Nge2 c5 6. f3 Nh5 7. Bg3 Nxg3 8.
hxg3 Nc6 9. Qd2 e5 10. a3 cxd4 11. exd4 Qa5 12. Rd1 Bxc3 13. Qxc3 Qxc3+ 14.
Nxc3 Nxd4 15. Nxd5 O-O 16. Bd3 g6 17. Nf6+ Kg7 18. Nd5 Be6 19. Nc7 Rac8 20.
Nxe6+ Nxe6 21. O-O Nc5 22. c3 Rcd8 23. Bc2 f5 24. b4 Ne6 25. Rxd8 Rxd8 26. Rd1
Rxd1+ 27. Bxd1 b5 28. a4 a6 29. axb5 axb5 30. Be2 Nc7 31. c4 bxc4 32. Bxc4 Na8
33. Kf2 Nb6 34. Bb3 Kf6 35. Ke3 g5 36. g4 fxg4 37. fxg4 Ke7 38. Ke4 Kd6 39. Bg8
h6 40. Bb3 Nc8 41. Bc4 Nb6 42. Bb3 Nc8 1/2-1/2

[Event "Bergens SK VÃ¥rturnering 2023"]
[Site "Bergens Schakklub"]
[Date "2023.03.28"]
[Round "11"]
[White "Fossheim, Yngve GÃ¶testam"]
[Black "Engelsen, Teodor Tenfjord"]
[Result "1/2-1/2"]
[WhiteElo "2038"]
[BlackElo "1780"]
[PlyCount "99"]
[EventDate "2023.??.??"]

1. d4 Nf6 2. c4 e6 3. Nf3 d5 4. Bg5 h6 5. Bxf6 Qxf6 6. Nc3 Bb4 7. Qa4+ Nc6 8.
cxd5 exd5 9. e3 O-O 10. a3 Bxc3+ 11. bxc3 a6 12. c4 dxc4 13. Qxc4 Re8 14. Be2
Be6 15. Qc2 Bf5 16. Qc3 Ne7 17. O-O Nd5 18. Qb2 c5 19. Rfc1 cxd4 20. Qxd4 Rad8
21. Qxf6 Nxf6 22. Rc7 Be4 23. Bc4 Rd7 24. Rxd7 Nxd7 25. Nd2 Nb6 26. Be2 Bc6 27.
Rc1 Rc8 28. Nb3 Bd5 29. Rxc8+ Nxc8 30. Nc5 Nd6 31. Bf3 Bxf3 32. gxf3 Nc4 33.
Nxb7 Nxa3 34. Kf1 Nc4 35. Ke2 f6 36. f4 Kf7 37. Kd3 Nb6 38. e4 g5 39. fxg5 hxg5
40. Nc5 a5 41. Ke2 a4 42. f4 gxf4 43. Kf3 a3 44. Kxf4 a2 45. Nb3 Nc4 46. Kf5
Ne3+ 47. Kf4 Nc2 48. h4 a1=Q 49. Nxa1 Nxa1 50. e5 1/2-1/2

[Event "Bergens SK VÃ¥rturnering 2023"]
[Site "Bergens Schakklub"]
[Date "2023.03.28"]
[Round "11"]
[White "Myny, Sigur H"]
[Black "Christoffersen, Odd"]
[Result "1-0"]
[WhiteElo "1603"]
[BlackElo "1510"]
[PlyCount "65"]
[EventDate "2023.??.??"]

1. c4 e6 2. g3 d5 3. Nf3 Nf6 4. Bg2 Be7 5. O-O O-O 6. d4 Ne4 7. Qc2 c6 8. Nbd2
f5 9. Rd1 Nd7 10. Ne1 Bf6 11. Qd3 e5 12. cxd5 Nxd2 13. Bxd2 exd4 14. dxc6 bxc6
15. Bxc6 Rb8 16. Qc2 Ne5 17. Bg2 Be6 18. Bf4 Rc8 19. Qa4 Qb6 20. Bxe5 Bxe5 21.
Rac1 Bf6 22. Nd3 Rfd8 23. h4 Bf7 24. Bf3 Be7 25. Rxc8 Rxc8 26. Qd7 Rc7 27. Qxf5
Bxa2 28. Bd5+ Bxd5 29. Qxd5+ Kf8 30. Ne5 Bd6 31. Nc4 Rxc4 32. Qxc4 Bc5 33. Rc1
1-0

[Event "Bergens SK VÃ¥rturnering 2023"]
[Site "Bergens Schakklub"]
[Date "2023.03.28"]
[Round "11"]
[White "HÃ¸yforsslett, Gard Rye"]
[Black "Sviland, Atle"]
[Result "1-0"]
[WhiteElo "1798"]
[BlackElo "1702"]
[PlyCount "77"]
[EventDate "2023.??.??"]

1. e4 e6 2. d4 d5 3. e5 c5 4. c3 Nc6 5. Nf3 Nge7 6. Bd3 Nf5 7. O-O Be7 8. Re1
Bd7 9. dxc5 Qc7 10. b4 Rd8 11. a4 O-O 12. Na3 a6 13. Bf4 Qc8 14. g4 Nh6 15.
Bxh6 gxh6 16. Qd2 f5 17. Qxh6 Rf7 18. gxf5 Bf8 19. Qe3 d4 20. Nxd4 Nxd4 21.
cxd4 Rg7+ 22. Kf1 Bc6 23. f6 Bg2+ 24. Ke2 Rg4 25. Rg1 Qc6 26. f3 Bh6 27. Qf2
Rgxd4 28. Qxg2+ Kh8 29. f7 Qc8 30. Qg8+ Rxg8 31. Rxg8+ Qxg8 32. fxg8=R+ Kxg8
33. Nc4 Rh4 34. Rg1+ Kf8 35. Rg2 Bf4 36. Be4 Bxh2 37. Nd6 Bxe5 38. Nxb7 Bc3 39.
c6 1-0